000 00712nam a2200193Ia 4500
008 190805s9999||||xx |||||||||||||| ||und||
020 _a9788126558711
_cRs. 819.00
082 0 4 _a658.05
_bT841
100 1 _aTurban, Efraim.
245 1 0 _aInformation Technology for Management: Advancing Sustainable, Profitable Business Growth /
_cEfraim Turban, Linda Volonino and Gregory R. Wood; Indian adaptation by O. P. Wali
250 _a10th ed.
260 _aNew Delhi :
_bWiley India Pvt. Ltd,
_c2016
300 _axii, 362 p.
_b : col. ill.
_c; 28 cm.
650 0 _aManagement information systems
_vTextbooks
700 1 _aVolonino, Linda
700 1 _aWood, Gregory R.
942 _cBK
999 _c321
_d321